Rumi the Persian: (Record no. 23728)
[ view plain ]
| 000 -LEADER | |
|---|---|
| fixed length control field | 00914cam a22002651 4500 |
| 001 - CONTROL NUMBER | |
| control field | 10341927 |
| 003 - CONTROL NUMBER IDENTIFIER | |
| control field | BDDh-ASL |
| 005 - DATE AND TIME OF LATEST TRANSACTION | |
| control field | 20231015030259.0 |
| 008 - FIXED-LENGTH DATA ELEMENTS--GENERAL INFORMATION | |
| fixed length control field | 750919s1965 pk b 000 0 eng |
| 010 ## - LIBRARY OF CONGRESS CONTROL NUMBER | |
| LC control number | sa 66001602 |
| 035 ## - SYSTEM CONTROL NUMBER | |
| System control number | (OCoLC)1636659 |
| 040 ## - CATALOGING SOURCE | |
| Original cataloging agency | DLC |
| Transcribing agency | TxU |
| Modifying agency | OCoLC |
| -- | DLC |
| -- | BDDh-ASL |
| 042 ## - AUTHENTICATION CODE | |
| Authentication code | premarc |
| 050 00 - LIBRARY OF CONGRESS CALL NUMBER | |
| Classification number | BP189.7.M42 |
| Item number | C42 1965a |
| 082 ## - DEWEY DECIMAL CLASSIFICATION NUMBER | |
| Classification number | 297.0924 |
| Item number | ARR |
| 100 1# - MAIN ENTRY--PERSONAL NAME | |
| Personal name | Arasteh, A. Reza. |
| 245 10 - TITLE STATEMENT | |
| Title | Rumi the Persian: |
| Remainder of title | rebirth in creativity and love / |
| Statement of responsibility, etc. | by A. Reza Arasteh. With pref. by Erich Fromm. |
| 260 ## - PUBLICATION, DISTRIBUTION, ETC. | |
| Place of publication, distribution, etc. | Lahore : |
| Name of publisher, distributor, etc. | Sh. Muhammad Ashraf, |
| Date of publication, distribution, etc. | [1965] |
| 300 ## - PHYSICAL DESCRIPTION | |
| Extent | xx, 196 p. : |
| Dimensions | 22 cm. |
| 500 ## - GENERAL NOTE | |
| General note | On label mounted on t.p.: Sole distributors in the USA Paragon Book Gallery, New York. |
| 504 ## - BIBLIOGRAPHY, ETC. NOTE | |
| Bibliography, etc. note | Bibliography: p. [195]-196. |
| 600 00 - SUBJECT ADDED ENTRY--PERSONAL NAME | |
| Personal name | Jalāl al-Dīn Rūmī, |
| Titles and other words associated with a name | Maulana, |
| Dates associated with a name | 1207-1273. |
| 906 ## - LOCAL DATA ELEMENT F, LDF (RLIN) | |
| a | 7 |
| b | cbc |
| c | oclcrpl |
| d | u |
| e | ncip |
| f | 19 |
| g | y-gencatlg |
| 942 ## - ADDED ENTRY ELEMENTS (KOHA) | |
| Source of classification or shelving scheme | Dewey Decimal Classification |
| Koha item type | Books |
| Withdrawn status | Lost status | Source of classification or shelving scheme | Damaged status | Not for loan | Collection code | Home library | Current library | Shelving location | Date acquired | Source of acquisition | Total Checkouts | Full call number | Barcode | Date last seen | Copy number | Price effective from | Koha item type | Public note |
|---|---|---|---|---|---|---|---|---|---|---|---|---|---|---|---|---|---|---|
| Dewey Decimal Classification | Damaged | Non-fiction | Asiatic Society Library | Asiatic Society Library | General Stacks | 04/03/2021 | ASB Library Collections | 297.0924 ARR | 108237 | 04/03/2021 | C-1 | 04/03/2021 | Books | RARE |